书目信息 |
| 题名: |
现代汉语小词典
|
|
| 作者: | ;中国社会科学院语言研究所词典编辑室 编 | |
| 分册: | ||
| 出版信息: | 北京 商务印书馆 1980 |
|
| 页数: | 765页 | |
| 开本: | 19cm | |
| 丛书名: | ||
| 单 册: | ||
| 中图分类: | H164 | |
| 科图分类: | ||
| 主题词: | 汉语--词典 | |
| 电子资源: | ||
| ISBN: | 7-100-00045-9 | |
| 000 | 00738nam0 2200229 45 | |
| 001 | 0180004939 | |
| 005 | 20050428111710.1 | |
| 010 | @a7-100-00045-9@dCNY7.00 | |
| 091 | @aCN@b17017.113 | |
| 100 | @a19950405d1980 cemy0chiy0121 ea | |
| 101 | 0 | @achi |
| 102 | @aCN@b110000 | |
| 105 | @ay e 000yy | |
| 200 | 10 | @a现代汉语小词典@Axian dai han yu xiao ci dian@f中国社会科学院语言研究所词典编辑室编@FZhong Guo She Hui Ke Xue Yuan Yu Yan Yan Jiu Suo Ci Dian Bian Ji Shi Bian |
| 210 | @d1980@a北京@c商务印书馆 | |
| 215 | @a765页@d19cm | |
| 606 | @a汉语@x词典 | |
| 690 | @aH164@v3 | |
| 711 | 02 | @a中国社会科学院语言研究所词典编辑室@4编 |
| 801 | 0 | @aCN@b上海图书馆@c20050427 |
| 801 | 2 | @aCN@bNLC@c20050427 |
| 905 | @f1@b251633@dH164@e106=2 | |
| 现代汉语小词典/中国社会科学院语言研究所词典编辑室编.-1980;北京:商务印书馆 |
| 765页;19cm |
| ISBN 7-100-00045-9:CNY7.00 |
| ● |
| 相关链接 |
|
|
|
|
正题名:现代汉语小词典
索取号:H164/106=2
 
预约/预借
| 序号 | 登录号 | 条形码 | 馆藏地/架位号 | 状态 | 备注 |
| 1 | 0251633 | 001560732 | 密集书库2/ [索取号:H164/106=2] | 在馆 | |
| 2 | 0251635 | 001560769 | 第二样本阅览室/ [索取号:H164/106=2] | 在馆 |